Catálogo público

Riego localizado y fertirrigación (Record no. 90779)

MARC details
000 -CABECERA
campo de control de longitud fija 01252cam a2200349 a 4500
003 - IDENTIFICADOR DEL NÚMERO DE CONTROL
campo de control CHAP
005 - FECHA Y HORA DE LA ÚLTIMA TRANSACCIÓN
campo de control 20220329143023.0
008 - DATOS DE LONGITUD FIJA--INFORMACIÓN GENERAL
campo de control de longitud fija 050825d2002 es a r 00010 spa d
010 ## - NÚMERO DE CONTROL DE LA BIBLIOTECA DEL CONGRESO
Número de control de LC 90779
011 ## - ENLACE DEL NUMERO DE CONTROL DE LA BIBLIOTECA DEL CONGRESO [OBSOLETO]
Número de control de LC 91751
020 ## - NÚMERO INTERNACIONAL ESTÁNDAR DEL LIBRO
Número Internacional Estándar del Libro 8484760529
035 ## - NÚMERO DE CONTROL DEL SISTEMA
Número de control de sistema 102314
040 ## - FUENTE DE LA CATALOGACIÓN
Centro/agencia transcriptor CHAP
082 04 - NÚMERO DE LA CLASIFICACIÓN DECIMAL DEWEY
Número de clasificación 631.7001
Número de documento/Ítem M6 2002
100 00 - ENTRADA PRINCIPAL--NOMBRE DE PERSONA
Nombre de persona Moya Talens, Jesus Antonio.
9 (RLIN) 79197
245 10 - MENCIÓN DE TÍTULO
Título Riego localizado y fertirrigación
Mención de responsabilidad, etc. /por Jesus Antonio Moya Talens
250 ## - MENCIÓN DE EDICIÓN
Mención de edición 3ed. rev. y ampliada
260 ## - PUBLICACIÓN, DISTRIBUCIÓN, ETC.
Lugar de publicación, distribución, etc. Madrid ;
Nombre del editor, distribuidor, etc. Mundi-Prensa,
Fecha de publicación, distribución, etc. 2002
300 ## - DESCRIPCIÓN FÍSICA
Extensión 534 p. :
Otras características físicas ilus. ; gráfs. ; cuadros
590 ## - NOTA LOCAL (RLIN)
Nota local BATCH-UPD
Procedencia (VM) [OBSOLETO] 10
Condición del los carretes individuales (VM) [OBSOLETO] 20130110
-- UCH01
-- 0831
590 ## - NOTA LOCAL (RLIN)
Nota local BATCH-UPD
Procedencia (VM) [OBSOLETO] 10
Condición del los carretes individuales (VM) [OBSOLETO] 20130410
-- UCH01
-- 0509
590 ## - NOTA LOCAL (RLIN)
Nota local BATCH-UPD
Procedencia (VM) [OBSOLETO] 10
Condición del los carretes individuales (VM) [OBSOLETO] 20130914
-- UCH01
-- 1407
590 ## - NOTA LOCAL (RLIN)
Nota local CONVERSION
Procedencia (VM) [OBSOLETO] 10
Condición del los carretes individuales (VM) [OBSOLETO] 20130109
-- UCH01
-- 1350
650 14 - PUNTO DE ACCESO ADICIONAL DE MATERIA--TÉRMINO DE MATERIA
Término de materia o nombre geográfico como elemento de entrada Fertirrigación.
9 (RLIN) 40652
650 14 - PUNTO DE ACCESO ADICIONAL DE MATERIA--TÉRMINO DE MATERIA
Término de materia o nombre geográfico como elemento de entrada Riego localizado.
9 (RLIN) 97374
901 ## - ELEMENTOS DE DATOS A LOCAL LDA (RLIN)
a BK
905 ## - ELEMENTOS DE DATOS E LOCAL, LDE (RLIN)
a Elisama A.H.
942 ## - ELEMENTOS DE PUNTO DE ACCESO ADICIONAL (KOHA)
Tipo de ítem Koha Libro
949 ## - PROCESAMIENTO DE INFORMACIÓN LOCAL (OCLC)
a 631.7001 M6 2002
b BC
c LIBRO
d 33724000979035
e LIBRO
f c.2
g I.222807
h 106404
i 102314
s i
t $671.75
949 ## - PROCESAMIENTO DE INFORMACIÓN LOCAL (OCLC)
a 631.7001 M6 2002
b BC
c LIBRO
d 33724000979092
e LIBRO
g I.222806
h 106403
i 102314
s o
t $671.75
949 ## - PROCESAMIENTO DE INFORMACIÓN LOCAL (OCLC)
a 631.7001 M6 2002
b BC
c LIBRO
d 33724002049918
e LIBRO
f c.3
h 109145
i 102314
s i
t $ 755.00
Holdings
Estado de retiro Estado de pérdida Fuente del sistema de clasificación o colocación Estado dañado Restricciones de uso No para préstamo Código de colección Localización permanente Ubicación/localización actual Ubicación en estantería Fecha de adquisición Fuente de adquisición Información codificada de la localización en otra ubicación Total de préstamos Signatura topográfica completa Código de barras Fecha visto por última vez Fecha del último préstamo Número de copia Precio válido a partir de Tipo de ítem Koha En préstamo
    Dewey Decimal Classification   Préstamo 15 días   General Biblioteca Central Biblioteca Central Planta principal - Colección General 31/12/2019 I.222806 LIBRO 1 631.7001 M6 2002 33724002049918 15/02/2023 07/02/2023 c.3 31/12/2019 Libro  
    Dewey Decimal Classification   Préstamo 15 días   General Biblioteca Central Biblioteca Central Planta principal - Colección General 31/12/2019 I.222807 LIBRO 1 631.7001 M6 2002 33724000979092 10/03/2022 10/03/2022   31/12/2019 Libro 25/03/2022
    Dewey Decimal Classification   Préstamo 15 días   General Biblioteca Central Biblioteca Central Planta principal - Colección General 31/12/2019   LIBRO 1 631.7001 M6 2002 33724000979035 28/04/2022 15/03/2022 c.2 31/12/2019 Libro